Welcome to CU Library Online Public Access Catalogue (OPAC)

Conceptual models of nursing : (Record no. 7935)

MARC details
000 -LEADER
fixed length control field 00901cam a22002654a 4500
001 - CONTROL NUMBER
control field 13469979
005 - DATE AND TIME OF LATEST TRANSACTION
control field 20251030104726.0
008 - FIXED-LENGTH DATA ELEMENTS--GENERAL INFORMATION
fixed length control field 040123s2005 njua b 001 0 eng
020 ## - INTERNATIONAL STANDARD BOOK NUMBER
International Standard Book Number 0130480606
Qualifying information pbk.
020 ## - INTERNATIONAL STANDARD BOOK NUMBER
International Standard Book Number 9780130480606
Qualifying information (pbk.)
050 00 - LIBRARY OF CONGRESS CALL NUMBER
Classification number RT84.5
Item number .C664 2005
082 00 - DEWEY DECIMAL CLASSIFICATION NUMBER
Classification number 610.73/01
Edition information 22
245 00 - TITLE STATEMENT
Title Conceptual models of nursing :
Remainder of title analysis and application /
Statement of responsibility, etc. [edited by] Joyce J. Fitzpatrick, Ann L. Whall.
250 ## - EDITION STATEMENT
Edition statement 4th ed.
260 ## - PUBLICATION, DISTRIBUTION, ETC.
Place of publication, distribution, etc. Upper Saddle River, N.J. :
Name of publisher, distributor, etc. Pearson Prentice Hall,
Date of publication, distribution, etc. c2005.
300 ## - PHYSICAL DESCRIPTION
Extent xi, 356 p. :
Other physical details ill. ;
Dimensions 23 cm.
650 #0 - SUBJECT ADDED ENTRY--TOPICAL TERM
Topical term or geographic name entry element Nursing
General subdivision Philosophy.
650 #0 - SUBJECT ADDED ENTRY--TOPICAL TERM
Topical term or geographic name entry element Nursing models.
650 12 - SUBJECT ADDED ENTRY--TOPICAL TERM
Topical term or geographic name entry element Models, Nursing.
650 22 - SUBJECT ADDED ENTRY--TOPICAL TERM
Topical term or geographic name entry element Philosophy, Nursing.
700 1# - ADDED ENTRY--PERSONAL NAME
Personal name Fitzpatrick, Joyce J.,
Dates associated with a name 1944-
700 1# - ADDED ENTRY--PERSONAL NAME
Personal name Whall, Ann L.
856 41 - ELECTRONIC LOCATION AND ACCESS
Materials specified Table of contents
Uniform Resource Identifier <a href="http://www.loc.gov/catdir/toc/ecip0413/2004001577.html">http://www.loc.gov/catdir/toc/ecip0413/2004001577.html</a>
942 ## - ADDED ENTRY ELEMENTS (KOHA)
Source of classification or shelving scheme Library of Congress Classification
Koha item type Books
Edition 4th ed.
Suppress in OPAC No
999 ## -
-- 7935
-- 7935
Holdings
Withdrawn status Lost status Source of classification or shelving scheme Damaged status Not for loan Collection Home library Current library Shelving location Date acquired Total checkouts Full call number Barcode Date last seen Copy number Price effective from Koha item type
    Library of Congress Classification     Non-fiction Science Library (Miotso) Science Library (Miotso) General stacks 10/30/2025   RT84.5 .C664 CON SLM00004995 10/30/2025 1 10/30/2025 Books
    Library of Congress Classification     Non-fiction Science Library (Miotso) Science Library (Miotso) General stacks 10/30/2025   RT84.5 .C664 CON SLM00004996 10/30/2025 2 10/30/2025 Books
    Library of Congress Classification     Non-fiction Science Library (Miotso) Science Library (Miotso) General stacks 10/30/2025   RT84.5 .C664 CON SLM00004997 10/30/2025 3 10/30/2025 Books
    Library of Congress Classification     Non-fiction Science Library (Miotso) Science Library (Miotso) General stacks 10/30/2025   RT84.5 .C664 CON SLM00004998 10/30/2025 4 10/30/2025 Books
© 2023-2024 Copyright: Central University Libraries. All Rights Reserved | Created by: Mahone Tech Office